| 000 | 00953nam a2200265Ia 4500 | ||
|---|---|---|---|
| 008 | 160803s9999 xx 000 0 und d | ||
| 020 | _a0 439462762 | ||
| 100 | _aGrace, Catherine O'neill | ||
| 245 | _a1621 : a new look at Thanksgiving / | ||
| 245 | _cCatherine O'Neill Grace and Margaret M. Bruchac with Plimoth Plantation ; photographs by Sisse Brimberg and Cotton Coulson. | ||
| 260 | _aNew York : | ||
| 260 | _bScholastic Inc. | ||
| 260 | _c2001 | ||
| 300 | _a47 pages : | ||
| 300 | _bcolor illustrations, maps ; | ||
| 300 | _c28 cm | ||
| 500 | _a"This edition is only available for distribution through the school market"--Page 4 of cover. | ||
| 650 | _aIndians of North America -- First contact with Europeans -- | ||
| 650 | _aPilgrims (New Plymouth Colony) -- | ||
| 650 | _aThanksgiving Day -- | ||
| 650 | _xJuvenile literature. | ||
| 650 | _xJuvenile literature. | ||
| 650 | _xJuvenile literature. | ||
| 700 | _a1040 | ||
| 999 |
_c299121 _d299121 |
||